[Event "Biel"]
[Site "38"]
[Date "2005.07.20"]
[Round "4"]
[White "Carlsen, Magnus"]
[Black "Volokitin, Andrei"]
[Result "0-1"]
[WhiteElo "2528"]
[BlackElo "2671"]
[Annotator "JvR"]
[PlyCount "74"]
[EventDate "2005.07.17"]
[SourceDate "2013.10.27"]

{Magnus Carlsen made his debut in Biel at the age of fourteen.} 1. e4 c5 2. Nf3
e6 3. d4 cxd4 4. Nxd4 Nc6 5. Nc3 a6 6. Be3 Nf6 7. g4 h6 8. Bg2 d5 9. O-O Bb4
10. h3 $5 (10. exd5 exd5 11. h3 {happened in Carlsen - Korneev, Warsaw 2005.})
10... O-O 11. Nde2 $5 Bxc3 12. Nxc3 d4 $1 13. e5 Nxg4 $1 {
Black makes a desperado move.} 14. Qxg4 $6 (14. Bxd4 Ngxe5 15. Bc5 Re8 16. Qxd8
Rxd8 17. Rad1 {equalises.}) 14... dxe3 15. Bxc6 $1 bxc6 16. Ne4 $1 Qc7 17. Nf6+
$6 {White overestimates his chances.} ({Better is} 17. f4) 17... Kh8 18. Qh5
Rb8 $1 {The development goes on.} 19. Rae1 Rb4 $6 (19... Rxb2 $1 20. Rxe3 Rb4 {
gains an advantage.}) 20. Ng4 Kh7 21. fxe3 $2 (21. Rxe3 Rxb2 22. Rf3 {
defends well.}) 21... f5 $1 {Black counters successfully.} 22. e4 ({
The pointe is} 22. exf6 Qg3+ 23. Kh1 Rb5 24. fxg7 Rxh5 25. gxf8=N+ Kg7 {
and Black wins (Ribli).}) 22... Qb6+ $5 23. Kh1 Qd8 24. Nf2 Rxb2 25. Rg1 Qe8
26. Qh4 Rxc2 27. Rg2 c5 28. Reg1 Rg8 29. Qg3 Bb7 30. Qb3 Bxe4 31. Nxe4 Rxg2 32.
Rxg2 fxe4 33. Qb7 Qh5 34. Qxe4+ Qf5 35. Qe3 Rd8 36. Qg3 Rd7 37. Kh2 Qe4 {
Volokitin, Gelfand and Nakamura joined the lead.} 0-1

[Event "Biel"]
[Site "38"]
[Date "2005.07.21"]
[Round "5"]
[White "Volokitin, Andrei"]
[Black "Gelfand, Boris"]
[Result "1/2-1/2"]
[WhiteElo "2671"]
[BlackElo "2724"]
[Annotator "JvR"]
[PlyCount "51"]
[EventDate "2005.07.17"]
[SourceDate "2013.10.27"]

1. e4 c5 2. Nf3 d6 3. d4 cxd4 4. Nxd4 Nf6 5. Nc3 a6 6. a4 g6 7. Be2 Bg7 8. O-O
Nc6 9. Be3 O-O 10. f4 Bg4 11. Nb3 Qc8 12. a5 Bxe2 $5 (12... Re8 13. Ra4 Bxe2
14. Qxe2 Qg4 {occurred in Short - Anand, Dubai 2002.}) 13. Qxe2 Nd7 14. Na4 f5
15. exf5 Rxf5 16. c4 Qc7 17. Nc3 $5 Bxc3 $5 {Gelfand has calculated accurately.
} 18. bxc3 Nxa5 19. Nxa5 Rxa5 20. Rxa5 Qxa5 21. Bd4 e5 $1 {
Black has to fight for equality, despite the extra pawn.} (21... Kf7 $2 22. f5
$1 gxf5 23. Qh5+ Ke6 24. Qxh7 {wins for White (Ftacnik).}) 22. fxe5 dxe5 23.
Qg4 $1 {White forces a draw.} exd4 24. Qxd7 dxc3 25. Qe6+ Kh8 26. Qf6+ {
He delivers perpetual check. The standings after the first cycle became:
Nakamura 31/2/5, Gelfand and Volokitin 3, Pelletier 21/2, Carlsen 2, Bauer 1.}
1/2-1/2

[Event "Biel"]
[Site "38"]
[Date "2005.07.24"]
[Round "7"]
[White "Pelletier, Yannick"]
[Black "Carlsen, Magnus"]
[Result "1-0"]
[WhiteElo "2603"]
[BlackElo "2528"]
[Annotator "JvR"]
[PlyCount "29"]
[EventDate "2005.07.17"]
[SourceDate "2013.10.27"]

1. d4 Nf6 2. c4 e6 3. Nc3 Bb4 4. Qc2 d5 5. cxd5 c5 6. dxc5 $5 Nxd5 7. Bd2 Bxc5
8. Nxd5 Qxd5 9. e4 $5 (9. Rc1 Nd7 10. b4 Bb6 11. e4 {
was played in L'Ami - Carlsen, Schagen 2005.}) 9... Qd4 $5 ({An alternative is
} 9... Qc6 10. Rc1 Be7 11. Qb1 Qd7) 10. O-O-O $1 Nd7 ({Not} 10... Qxf2 $2 11.
Nh3 Qd4 12. Bg5 {(Pelletier).}) 11. Bb5 O-O $4 {Carlsen blunders terribly.} ({
Correct is} 11... Be7 12. Nf3 Qb6) 12. Bc3 $1 Qxf2 13. Qxf2 Bxf2 14. Bxd7 Be3+
15. Kc2 {White has gained a piece.} 1-0

[Event "Biel"]
[Site "38"]
[Date "2005.07.25"]
[Round "8"]
[White "Bauer, Christian"]
[Black "Nakamura, Hikaru"]
[Result "1-0"]
[WhiteElo "2641"]
[BlackElo "2660"]
[Annotator "JvR"]
[PlyCount "81"]
[EventDate "2005.07.17"]
[SourceDate "2013.10.27"]

1. d4 d5 2. c4 c6 3. Nc3 Nf6 4. e3 e6 5. Nf3 Nbd7 6. Bd3 dxc4 7. Bxc4 b5 8. Bb3
b4 9. Ne2 Bd6 10. Ng3 Bb7 11. e4 Bxg3 12. hxg3 Nxe4 13. Qe2 $5 {
White has the initiative for a pawn.} (13. Qc2 {
was played in Kazhyaleyev - Lautier, Aix en Provence 2004.}) 13... c5 $1 14.
Rh4 $1 Nef6 $1 (14... Ndf6 $6 15. g4 $1 h5 16. gxh5 {favours White.}) 15. Ne5
Nd5 $2 ({Alright is} 15... Nxe5 16. Qxe5 O-O 17. Bg5 Nd7 $1) 16. dxc5 $1 Nxe5
17. Qxe5 Qd7 $2 (17... Kf8 $1 18. Bh6 Qf6 {offers more resistance.}) 18. Qxg7 {
White has gained a pawn and attacks.} O-O-O 19. Qe5 Ba6 20. Bxd5 exd5 21. Rxb4
Bb5 22. c6 $5 Qxc6 23. Be3 Rhe8 24. Qf4 d4 $1 25. Qf5+ Kb7 26. Qxb5+ Qxb5 27.
Rxb5+ Ka6 28. Rb3 dxe3 29. Rxe3 Rxe3+ 30. fxe3 Rb8 31. b3 Rg8 32. Kf2 Rg6 33.
Rh1 h6 34. Rh4 Kb6 35. Rf4 f6 36. Rf5 Kc7 37. Kf3 Kd8 38. Kf4 Ke8 39. b4 Kf8
40. a4 Ke8 41. Rb5 {
Bauer scored better after his family had arrived. He defeated the leader.} 1-0

[Event "Biel"]
[Site "38"]
[Date "2005.07.25"]
[Round "8"]
[White "Carlsen, Magnus"]
[Black "Gelfand, Boris"]
[Result "1/2-1/2"]
[WhiteElo "2528"]
[BlackElo "2724"]
[Annotator "JvR"]
[PlyCount "51"]
[EventDate "2005.07.17"]
[SourceDate "2013.10.27"]

1. e4 c5 2. Nf3 d6 3. d4 cxd4 4. Nxd4 Nf6 5. Nc3 a6 6. Bg5 e6 7. f4 Nbd7 8. Qf3
Qc7 9. O-O-O b5 10. Bxf6 Nxf6 11. e5 Bb7 12. Qh3 dxe5 13. Ncxb5 Qb6 14. fxe5
Ne4 15. Bc4 Nf2 $1 {Gelfand applies a novelty and finds the way to a draw.} (
15... axb5 $2 16. Bxb5+ Ke7 17. Rhf1 $1 {leads to a decisive attack by White})
(15... O-O-O $2 16. Nxe6 $1 Rxd1+ 17. Rxd1 Nf2 18. Qb3 axb5 19. Rd8+ {
won for White in Krakops - Sokomorokhin, Berlin 1993.}) ({or} 15... Be7 $2 16.
Nxe6 $1 fxe6 17. Qxe6 Qxe6 18. Nc7+ Kf7 19. Nxe6 {and wins}) 16. Qb3 O-O-O 17.
Nd6+ (17. Bxe6+ fxe6 18. Na7+ Qxa7 19. Qxe6+ Kc7 20. Qf7+ Kb6 21. Qe6+ Kc7 {
also draws.}) 17... Rxd6 18. exd6 Qxb3 19. Nxb3 Nxh1 20. Nc5 $1 Bxg2 21. Bxe6+
Kd8 $1 22. Bxf7 g6 23. Kb1 Bc6 24. Ne6+ Kd7 25. Nc5+ Kd8 26. Ne6+ {
Carlsen delivers perpetual check.} 1/2-1/2

[Event "Biel"]
[Site "38"]
[Date "2005.07.25"]
[Round "8"]
[White "Volokitin, Andrei"]
[Black "Pelletier, Yannick"]
[Result "1-0"]
[WhiteElo "2671"]
[BlackElo "2603"]
[Annotator "JvR"]
[PlyCount "55"]
[EventDate "2005.07.17"]
[SourceDate "2013.10.27"]

1. e4 c5 2. Nf3 e6 3. d4 cxd4 4. Nxd4 Nc6 5. Nc3 Qc7 6. Be3 Nf6 7. Qd2 Bb4 8.
f3 Nxd4 9. Qxd4 Bxc3+ 10. bxc3 b6 11. Bc1 $5 ({Known is} 11. Be2) 11... e5 $1
12. Qd2 O-O $1 13. Ba3 Re8 14. Bb5 a6 $6 ({Volokitin prefers} 14... Re6 $1) 15.
Bd6 $1 Qa7 $2 ({More active is} 15... Qb7 $1 16. Be2 (16. Bc4 $6 Qc6 17. Bb3 a5
18. a4 Ba6) 16... Qc6 $1 {and chances for both sides.}) 16. Bc4 b5 17. Bb3 Bb7
18. O-O-O $1 {The attack begins.} a5 19. a3 Rac8 20. g4 Rc6 $6 ({Better is} 
20... Qb6 $5 21. h4 $1 Qc6 22. Kb2 {but White will win (Volokitin).}) 21. g5 $1
Nh5 22. Bxe5 $1 Qc5 ({The pointe is} 22... Rxe5 23. Qxd7 Qa8 24. Qxb7 $1) 23.
Qxd7 Qxe5 24. Bxf7+ Kf8 25. Bxe8 {White has gained material.} Rc7 26. Qd8 Qf4+
27. Kb1 Rc8 28. Qb6 {Volokitin took the sole lead.} 1-0

[Event "Biel"]
[Site "38"]
[Date "2005.07.26"]
[Round "9"]
[White "Pelletier, Yannick"]
[Black "Nakamura, Hikaru"]
[Result "1-0"]
[WhiteElo "2603"]
[BlackElo "2660"]
[Annotator "JvR"]
[PlyCount "61"]
[EventDate "2005.07.17"]
[SourceDate "2013.10.27"]

1. d4 Nf6 2. Nf3 g6 3. c4 Bg7 4. Nc3 O-O 5. e4 d6 6. Be2 e5 7. O-O Nc6 8. d5
Ne7 9. b4 Nh5 10. Re1 f5 11. Ng5 Nf6 12. Bf3 c6 13. b5 h6 14. Ne6 Bxe6 15. dxe6
Qa5 16. Bb2 $5 ({Known is} 16. Bd2) 16... fxe4 17. Nxe4 Nxe4 18. Rxe4 d5 19.
cxd5 cxd5 20. Rxe5 $1 {White keeps the initiative by a witty sacrifice.} Bxe5
21. Bxe5 Qxb5 ({The alternative is} 21... Qb6 $5 22. Bb2 Rad8 {(Pelletier).})
22. Rb1 Qc6 $2 (22... Qa6 $1 23. Ba1 Qxa2 $1 24. Rxb7 Rfb8 25. Qd4 Qxa1+ 26.
Qxa1 Rxb7 {counters brilliantly.}) 23. Ba1 {He threatens Qd4.} Rf4 $2 24. g3 $1
Rc4 25. Qd2 $1 Qc5 26. Bf6 g5 $6 (26... Nf5 27. Bxd5 Rd4 28. Bxd4 Qxd5 {
prolongs the game.}) 27. Rxb7 Rc1+ 28. Kg2 Qc4 29. Qe2 Qxe2 30. Bxe2 Nf5 31.
Bg4 {Nakamura lost again.} 1-0

[Event "Biel"]
[Site "38"]
[Date "2005.07.27"]
[Round "10"]
[White "Bauer, Christian"]
[Black "Pelletier, Yannick"]
[Result "1-0"]
[WhiteElo "2641"]
[BlackElo "2603"]
[Annotator "JvR"]
[PlyCount "81"]
[EventDate "2005.07.17"]
[SourceDate "2013.10.27"]

1. c4 Nf6 2. d4 e6 3. Nc3 Bb4 4. f3 d5 5. a3 Bxc3+ 6. bxc3 c6 7. Qc2 O-O 8. e4
dxe4 9. fxe4 e5 10. Nf3 Re8 11. Bd3 c5 12. d5 $1 {
White reaches a favourable position.} ({The alternative is} 12. Bg5 cxd4 13.
cxd4 exd4 14. O-O) 12... Nbd7 13. O-O Nf8 14. Rb1 Ng6 15. Qf2 b6 16. Nh4 Rf8
17. Nf5 Ne8 18. Qg3 f6 19. h4 Bxf5 20. exf5 Ne7 21. h5 $1 Kh8 $6 ({Better is} 
21... Nd6 22. h6 Rf7) 22. h6 $1 Rf7 23. Qh4 Ng8 24. hxg7+ Rxg7 25. a4 a5 $6 ({
Preferable is the blockade} 25... Nd6 $1 26. Ra1 Qc7) 26. Be3 Nd6 27. Rf2 Rb8
28. Kh1 Rbb7 29. g4 h6 30. Rh2 Rh7 31. Qe1 $2 (31. Qh5 $1 {
strengthens the attack.}) 31... Qe8 32. Qd1 h5 $1 33. Rbb2 $2 hxg4 34. Qxg4 e4
$2 (34... Qxa4 {charges on the queenside.}) 35. Bf1 Qe5 $5 36. Bf4 $5 Qxf5 37.
Qg3 Rbg7 $1 38. Rxh7+ Qxh7+ 39. Rh2 Nf5 $2 ({Better is} 39... Rxg3 40. Rxh7+
Kxh7 41. Bxg3 Nb7) 40. Qf2 Nfh6 41. Bxh6 $1 {
Bauer achieved a strong charge, but the end of the game became confused.} 1-0

[Event "Biel"]
[Site "38"]
[Date "2005.07.27"]
[Round "10"]
[White "Nakamura, Hikaru"]
[Black "Gelfand, Boris"]
[Result "0-1"]
[WhiteElo "2660"]
[BlackElo "2724"]
[Annotator "JvR"]
[PlyCount "78"]
[EventDate "2005.07.17"]
[SourceDate "2013.10.27"]

{Gelfand trailed the leader by half-a-point', when the last round began.} 1. e4
c5 2. Nf3 d6 3. d4 cxd4 4. Nxd4 Nf6 5. Nc3 a6 6. Bg5 e6 7. f4 Nbd7 8. Qf3 Qc7
9. O-O-O b5 10. Bd3 Bb7 11. Rhe1 Qb6 12. Nd5 {He offers two knights at once.}
Qxd4 13. Bxf6 gxf6 14. Bxb5 Qc5 15. Nxf6+ Kd8 16. Nxd7 Qxb5 17. Nxf8 Rxf8 18.
Qa3 Rc8 19. Qxd6+ Ke8 {White has three pawns for a bishop.} 20. c3 $5 (20. Re3
{was played in Kosten - Georgiev, Saint Affrique. That game occurred on the
same day.}) 20... Qc6 21. Qb4 a5 $1 {Black counters.} 22. Qxa5 Ra8 23. Qg5 f6
$1 24. Qd5 $2 ({Right is} 24. Qh5+ $1 Rf7 25. a3 Rxa3 26. bxa3 Qxc3+ {
and Black delivers perpetual check (Gelfand).}) 24... Qxc3+ $1 {
Exchange would draw.} 25. bxc3 exd5 26. exd5+ Kd7 27. Kb1 Ra4 28. g3 $6 ({
More active is} 28. Re6 Rxf4 29. Rb6) 28... Rfa8 $5 29. Rd2 R8a5 30. d6 $5 Be4+
$1 31. Ka1 h5 32. h3 Bd5 33. g4 Rxa2+ 34. Rxa2 Rxa2+ 35. Kb1 Rh2 36. Re3 h4 37.
Kc1 Kxd6 38. f5 Rf2 39. Kd1 Rf3 {Gelfand scored the needed win.} 0-1

[Event "Biel"]
[Site "38"]
[Date "2005.07.27"]
[Round "10"]
[White "Volokitin, Andrei"]
[Black "Carlsen, Magnus"]
[Result "1/2-1/2"]
[WhiteElo "2671"]
[BlackElo "2528"]
[Annotator "JvR"]
[PlyCount "51"]
[EventDate "2005.07.17"]
[SourceDate "2013.10.27"]

1. e4 e5 2. Nf3 Nf6 3. Nxe5 d6 4. Nf3 Nxe4 5. d4 d5 6. Bd3 Bd6 7. O-O O-O 8. c4
c6 9. Re1 Re8 10. Nc3 Nxc3 11. bxc3 Rxe1+ 12. Qxe1 h6 13. c5 Bc7 14. Ne5 $5 ({
The alternative is} 14. Nh4) 14... Be6 15. f4 Qc8 16. Qh4 $5 (16. Qe2 $1 Bf5
17. Qh5 g6 18. Bxf5 Qxf5 19. Qxf5 gxf5 20. a4 {gains a plus.}) 16... Nd7 17.
Qg3 ({The pointe is} 17. f5 $4 Nxe5 18. fxe6 Nxd3) 17... Nf8 18. f5 $1 {
Volokitin makes a winning attempt.} Bxf5 19. Bxh6 Bg6 20. Bxg6 Nxg6 21. Nxg6 $1
Bxg3 22. Ne7+ Kh7 23. Nxc8 Kxh6 24. hxg3 Rxc8 25. Re1 Rc7 $1 {
The remaining rook ending is drawn.} 26. Kf2 {The final standings became:
Gelfand and Valokitin 6/10, Pelletier 5, Nakamura and Bauer 41/2, Carlsen 4.
Two players shared the first place.} 1/2-1/2

[Event "Biel"]
[Site "39"]
[Date "2006.07.24"]
[Round "1"]
[White "Bruzon Batista, Lazaro"]
[Black "Morozevich, Alexander"]
[Result "0-1"]
[WhiteElo "2226"]
[BlackElo "2731"]
[Annotator "JvR"]
[PlyCount "106"]
[EventDate "2006.07.24"]
[SourceDate "2013.10.27"]

{The thirty-ninth Schachfestival was played from 24 vii until 3 viii 2006. Six
strong grandmasters carried out double rounds.} 1. e4 e5 2. Nf3 Nc6 3. Bb5 a6
4. Ba4 Nf6 5. O-O Be7 6. Re1 b5 7. Bb3 d6 8. c3 O-O 9. h3 Re8 10. d4 Bb7 11.
Nbd2 Bf8 12. d5 Nb8 13. Nf1 Nbd7 14. N3h2 h6 15. Qf3 $5 ({Usual is} 15. Ng4)
15... Nc5 16. Bc2 c6 17. b4 Na4 18. dxc6 Bxc6 19. Ng4 $1 Nxg4 20. hxg4 Bd7 21.
Bd2 Rc8 22. Bb3 Be6 {The chances are equal.} 23. Rac1 $6 ({Preferable is} 23.
Bxa4 bxa4 24. Ne3) 23... Nb2 $1 24. Qe2 Nc4 $1 {Black blockades.} 25. Ne3 Qd7
26. f3 Be7 27. Red1 $6 (27. Bxc4 Bxc4 28. Nxc4 Rxc4 29. Qd3 {
makes timely exchanges.}) 27... Qa7 $1 {The black pieces are more active.} 28.
Bxc4 $5 Bxc4 29. Qf2 Bxa2 {He has gained a pawn.} 30. Ra1 Bb3 31. Rdc1 Qb7 32.
Ra3 Be6 33. Rca1 Rc6 34. Rd1 Ra8 35. Qe2 Bd8 36. Nf5 a5 $1 {
The position is opened.} 37. bxa5 Rxa5 38. Rxa5 Bxa5 39. Rb1 Bxf5 40. gxf5 Bxc3
41. Bxc3 $2 (41. Rxb5 $1 Rb6 42. Rxb6 Qxb6+ 43. Be3 {avoids a disaster.}) 41...
Rxc3 42. Rxb5 {The exchanges have led to a lost game.} Rc1+ $1 43. Kf2 Qe7 44.
Qd2 Qh4+ $1 45. Ke3 Qh1 46. Rb2 Rf1 $5 47. Qxd6 $5 f6 48. Qd5+ Kh7 49. Rd2 Qg1+
50. Kd3 Rc1 51. Qf7 Qf1+ 52. Re2 Rc8 $1 53. Qd7 Qb1+ $1 {
"The return of the lion king!" was written in New in Chess Magazine.} 0-1

[Event "Biel"]
[Site "39"]
[Date "2006.07.24"]
[Round "1"]
[White "Pelletier, Yannick"]
[Black "Carlsen, Magnus"]
[Result "0-1"]
[WhiteElo "2583"]
[BlackElo "2675"]
[Annotator "JvR"]
[PlyCount "70"]
[EventDate "2006.07.24"]
[SourceDate "2013.10.27"]

1. d4 Nf6 2. Nf3 e6 3. c4 b6 4. g3 Bb4+ 5. Bd2 Bxd2+ 6. Qxd2 Ba6 7. Na3 O-O 8.
Bg2 Bb7 9. O-O d6 10. Rad1 Nbd7 11. Rfe1 Qe7 12. Nh4 $5 (12. Nb5 c6 13. Nc3 d5
{drew in Ivkov - Benko, Vrsac 1969.}) 12... Bxg2 13. Nxg2 c5 14. Ne3 Rfd8 15.
Nb5 cxd4 16. Qxd4 Nc5 17. Qf4 Nce4 $1 18. Ng4 ({The pointe is} 18. f3 $6 g5 $1
19. Nf5 exf5 20. Qxf5 Nc5 21. Qxg5+ Kh8) 18... Nxg4 19. Qxe4 Nf6 20. Qf3 {
The chances are equal.} Ne8 21. a4 Rac8 22. b3 Nf6 23. Nc3 h6 24. Rd3 Nd7 $1 {
Carlsen sets an ingenious trap.} 25. Qb7 $2 ({Better is} 25. Rd4) 25... Qf8 $1
26. Qxa7 $5 (26. Ne4 d5 27. cxd5 Qb4 $1 28. dxe6 Qxe1+ 29. Kg2 Ne5 30. Rxd8+
Rxd8 31. e7 Re8 32. Qc7 Ng4 33. Qd7 Qxe2 34. Qxe8+ Kh7 {wins for Black.}) 26...
Nc5 $1 27. Rdd1 Rc6 28. a5 Ra8 29. axb6 Rxa7 30. bxa7 Qa8 31. Ra1 Nxb3 32. Ra4
Nd2 33. Nb5 Nxc4 34. Rb1 Kh7 35. f3 d5 {Carlsen overwhelmed a queen.} 0-1

[Event "Biel"]
[Site "39"]
[Date "2006.07.24"]
[Round "1"]
[White "Radjabov, Teimour"]
[Black "Volokitin, Andrei"]
[Result "1-0"]
[WhiteElo "2728"]
[BlackElo "2662"]
[Annotator "JvR"]
[PlyCount "78"]
[EventDate "2006.07.24"]
[SourceDate "2013.10.27"]

1. e4 c5 2. Nf3 d6 3. d4 cxd4 4. Nxd4 Nf6 5. Nc3 a6 6. Bg5 e6 7. f4 Nbd7 8. Qf3
Qc7 9. g4 b5 10. Bxf6 Nxf6 11. g5 Nd7 12. O-O-O b4 $5 13. Nd5 $5 {
Radjabov plays for a win.} exd5 14. exd5 Bb7 15. Qe4+ Be7 $6 (15... Kd8 $1 16.
Nc6+ Bxc6 17. dxc6 f5 $1 18. Qxb4 Qxc6 19. Qa5+ Qb6 {gains a plus.}) 16. Nf5
Nc5 17. Nxg7+ $1 Kf8 18. Qd4 Rg8 19. Nf5 b3 $1 20. Bc4 $1 ({Not} 20. axb3 $4
Nxb3+) 20... bxc2 21. Rde1 Re8 22. Re2 Bc8 23. Nh6 Qb6 24. Qc3 $2 Na4 $1 25.
Qxc2 Rxg5 $3 {Black completes his development brilliantly.} 26. fxg5 Bxg5+ 27.
Kb1 Rxe2 28. Bxe2 Bd7 $1 29. Bg4 $5 Bb5 $1 30. b3 Bxh6 31. Bf5 Bg7 32. Qc8+ Ke7
$2 (32... Be8 $1 33. Re1 Nc3+ 34. Kc1 Bh6+ 35. Kb2 Qf2+ $1 36. Kxc3 Qxe1+ {
wins for Black.}) 33. Rc1 Nc5 $5 34. Qg8 Be5 35. Bxh7 Qa5 36. Qg5+ Kf8 $2 {
The tables turn during time pressure.} ({Better is} 36... f6 $1) 37. Rxc5 dxc5
$2 ({Correct is} 37... Bd3+ $1 38. Bxd3 Qxc5 {and equality (Ftacnik).}) 38.
Qxe5 Qd2 39. Bc2 Bd3 $6 {Radjabov was the third star player.} 1-0

[Event "Biel"]
[Site "39"]
[Date "2006.07.25"]
[Round "2"]
[White "Carlsen, Magnus"]
[Black "Morozevich, Alexander"]
[Result "1-0"]
[WhiteElo "2675"]
[BlackElo "2731"]
[Annotator "JvR"]
[PlyCount "83"]
[EventDate "2006.07.24"]
[SourceDate "2013.10.27"]

1. d4 Nf6 2. c4 g6 3. Nc3 Bg7 4. e4 d6 5. Nf3 O-O 6. Be2 e5 7. O-O Nc6 8. d5
Ne7 9. a4 a5 10. b3 Nd7 11. Ba3 Bh6 12. b4 axb4 13. Bxb4 f5 14. Nd2 Kh8 $5 15.
a5 Rf7 16. Nb5 Nf6 17. c5 $5 dxc5 18. Bc3 $5 c6 19. dxc6 bxc6 $5 ({
Preferable is} 19... Nxc6 $1 20. Nc4 Rd7) 20. Na3 fxe4 $5 21. Nac4 $1 Ned5 22.
Bxe5 Bg7 23. Nd6 Re7 24. N2c4 $1 Be6 $6 25. a6 Nb4 26. Qc1 Nd3 $5 27. Bxd3 exd3
28. Qc3 $5 Bxc4 $1 29. Qxc4 Qg8 $1 30. Qxc5 d2 $6 ({Better is} 30... Qd5 31.
Qxd5 Nxd5) 31. Rad1 Rxa6 $5 32. Rxd2 {White controls the position.} Nd5 33.
Bxg7+ Rxg7 $2 ({Correct is} 33... Kxg7 34. f4 Qe6) 34. h3 $6 (34. Re2 $1 Re7
35. Rxe7 Nxe7 36. Ne8 $1 {wins for White (Carlsen).}) 34... Qe6 $1 35. Rb1 $1
h6 $1 36. Qc4 Rb6 $2 (36... Rga7 $1 {defends properly.}) 37. Rxb6 Qe1+ 38. Kh2
Nxb6 $2 (38... Qxd2 39. Rxc6 Qf4+ 40. Qxf4 Nxf4 {tries to survive (Carlsen).})
39. Qf4 $1 Nd5 $5 {Black allows a pretty finish.} 40. Rxd5 $1 cxd5 41. Qf8+ Kh7
({The pointe is} 41... Rg8 42. Qxh6#) 42. Ne8 $1 {
Morozevich suffered his first defeat in Biel.} 1-0

[Event "Biel"]
[Site "39"]
[Date "2006.07.25"]
[Round "2"]
[White "Pelletier, Yannick"]
[Black "Radjabov, Teimour"]
[Result "0-1"]
[WhiteElo "2583"]
[BlackElo "2728"]
[Annotator "JvR"]
[PlyCount "108"]
[EventDate "2006.07.24"]
[SourceDate "2013.10.27"]

1. d4 Nf6 2. Nf3 g6 3. c4 Bg7 4. Nc3 d6 5. e4 O-O 6. Be2 e5 7. O-O Nc6 8. d5
Ne7 9. Bg5 Nh5 10. Ne1 Nf4 11. Nd3 Nxe2+ 12. Qxe2 h6 13. Bd2 g5 14. g4 Ng6 15.
f3 Nf4 16. Nxf4 exf4 17. Rfd1 $5 ({The quiet alternative is} 17. Nd1 c6 18. Bc3
) 17... h5 $1 18. h3 (18. gxh5 $5 Be5 19. Qf2 Kg7 20. Ne2 {
is alright (Radjabov).}) 18... Be5 {Black has the initiative.} 19. Be1 Kg7 20.
Rd3 $6 ({Preferable is} 20. Kg2 $1 Rh8 21. Bf2) 20... Rh8 21. Nd1 hxg4 22. fxg4
Qf6 23. Bc3 Bd7 24. Nf2 Rae8 25. Qf3 {White has to defend passively.} Bxc3 26.
Rxc3 c5 27. Re1 a6 28. Rc2 b5 $1 29. b3 Re7 30. Kg2 Rhe8 31. Rce2 Qh6 32. Nd3
f6 33. Nf2 Qh4 34. Qc3 a5 $1 {Black opens another front.} 35. Qf3 ({Not} 35.
Qxa5 $2 Qg3+ 36. Kh1 b4 {wins for Black.}) 35... Rb8 36. Rc1 Be8 $1 37. Qd3 Ra7
38. Qf3 Bg6 39. Nd3 (39. cxb5 $1 Rxb5 40. Nd1 {defends the queenside.}) 39...
Re7 40. Nf2 Reb7 41. Rec2 $2 (41. cxb5 $1 Rxb5 42. Nd3 {resists well.}) 41...
b4 $1 {Hereafter, Black triumphs.} 42. Qd3 a4 43. Qf3 Ra8 44. Re1 Re7 45. Rce2
axb3 46. axb3 Ra3 $1 47. Rb1 Re8 48. Qd3 Rea8 49. Kf1 R8a7 50. Qf3 Ra2 51. Rbe1
Rxe2 52. Rxe2 Ra1+ 53. Re1 Ra3 $1 54. Re2 Qg3 $1 {White has been outplayed.
Radjabov and Carlsen shared the lead by a score of 2/2.} 0-1

[Event "Biel"]
[Site "39"]
[Date "2006.07.26"]
[Round "3"]
[White "Morozevich, Alexander"]
[Black "Volokitin, Andrei"]
[Result "1-0"]
[WhiteElo "2731"]
[BlackElo "2662"]
[Annotator "JvR"]
[PlyCount "169"]
[EventDate "2006.07.24"]
[SourceDate "2013.10.27"]

1. e4 c5 2. Nf3 d6 3. d4 cxd4 4. Nxd4 Nf6 5. Nc3 a6 6. Be3 e5 7. Nb3 Be6 8. Qd2
Be7 9. f3 O-O 10. O-O-O Nbd7 11. g4 b5 12. g5 b4 13. Ne2 Ne8 14. h4 a5 15. Kb1
Nb6 16. Ng3 a4 17. Nc1 d5 {
This fashionable line has been reseached extensively.} 18. Bxb6 Qxb6 19. exd5
Rd8 20. Bc4 Nc7 21. dxe6 Rxd2 22. exf7+ Kh8 23. Rxd2 {
White has a lot for a queen.} Qc6 24. b3 Nb5 25. Bxb5 Qxb5 26. Nf5 $1 {
Morozevich improves the theory.} Rxf7 27. Nxe7 Rxe7 28. Rd8+ Re8 29. Rhd1 g6 $5
30. R1d5 Qc6 31. R5d6 Qb5 32. Rb6 $1 {White avoids a draw by repetition.} Qxb6
33. Rxe8+ Kg7 34. bxa4 Qc5 {Black can defend well.} 35. Rb8 Qd5 36. Rb5 Qxf3
37. Rxe5 $1 h5 38. a5 Qc6 39. a6 $5 {He gives a pawn temporarily.} Qxa6 40. Re4
Kf7 41. Nd3 Qa3 42. Rf4+ Ke7 43. Rxb4 Kd8 44. Rc4 Ke7 45. Nb4 Ke6 46. c3 Qa4
47. Kb2 $1 {White moves forwards slowly.} Kf7 48. Rd4 Qb5 49. Kb3 Qf1 50. Kb2
Qb5 51. a3 Kf8 52. Kb3 Qf1 53. a4 $1 Qb1+ 54. Kc4 Qa1 55. Kb5 $1 {
The a-pawn becomes strong.} Qxc3 56. Nc6 Qb3+ 57. Rb4 Qf7 58. a5 Qf5+ 59. Kb6
Qf2+ 60. Kb7 Qf7+ 61. Ka8 Qf1 62. Kb8 Ke8 63. Rd4 $1 Qf5 64. Rd8+ Kf7 65. Kc7
Qb5 66. Rb8 Qc4 $2 ({Better is} 66... Qf1 $1 67. Rb4 Kf8 68. Ra4 Qa6) 67. Rb4
$1 Qf1 68. Kb7 Ke6 69. a6 Kd6 70. a7 $5 Qf7+ 71. Ka6 Qe8 72. Na5 $6 {
Attack and defence are difficult.} (72. Rb8 $1 Qe2+ 73. Rb5 $1 Qe8 74. Na5 Qc8+
75. Nb7+ {wins for White (Fracnik).}) 72... Qc8+ 73. Nb7+ Kd5 $5 74. Rb5+ $6
Kd4 75. Rc5 Qe6+ 76. Kb5 Qb3+ 77. Kc6 Qa4+ $2 ({Correct is} 77... Qg8 78. Kc7
Qf7+ 79. Kb8 Qf4+) 78. Kc7 $1 Qe8 ({Volokitin has missed} 78... Qxa7 79. Ra5 {
and the queen is trapped.}) 79. Nd6 Qa8 80. Ra5 Kc3 81. Nc8 Kb4 82. Nb6 Qf8 83.
a8=Q Qf4+ 84. Kc6 Qc1+ 85. Kd7 {Morozevich came back from a previous loss.} 1-0